• 首页
  • 本馆介绍
  • 公告通知
  • 最新文献
  • 馆藏检索
  • 电子资源
  • 读者导购
  • 参考咨询
  • 我的图书馆
  • 登录
  • 详细信息显示
  • 放入我的书架
  • 预约/预借图书
  • 作者相关作品
  • 分类相关作品
  • 丛书相关作品
  • 出版社相关作品

书目信息

  • 表格格式
  • 工作单格式
  • 卡片格式
题名:
补体学入门
    
 
作者: 近藤元治 著 ;陈仁 译
分册:  
出版信息: 北京   人民卫生出版社  1982
页数: 201页
开本: 19cm
丛书名:
单 册:
中图分类: R446.62
科图分类:
主题词: 补体--基本知识
电子资源:
ISBN:
000 00650nam0 2200241 45
001 0182010376
005 20060816151441.54
010    @dCNY0.69
091    @a14048.4108
100    @a19950511d1982 em y0chiy0121 ea
101 1  @achi@cjpn
102    @aCN@b110000
105    @ay z 000yy
200 10 @a补体学入门@Abu ti xue ru men@f(日)近藤元治著@g陈仁译
210    @a北京@c人民卫生出版社@d1982
215    @a201页@d19cm
606    @a补体@x基本知识
690    @aR446.62@v3
701  0 @a近藤元治@Ajin teng yuan zhi@4著
702  0 @a陈仁@Achen ren@4译
801  0 @aCN@bTSSF@c20060816
801  2 @aCN@bNLC@c20060810
905    @a10447@dR446.62@e35
    
    补体学入门/(日)近藤元治著/陈仁译.-北京:人民卫生出版社,1982
    201页;19cm
    
    
    ISBN :CNY0.69
    
●
相关链接 在E读中查询图书 在五车中查询图书 在当当中查询图书 在豆瓣中查询图书


正题名:补体学入门     索取号:R446.62/35         预约/预借

序号 登录号 条形码 馆藏地/架位号 状态 备注
1 0452182   204521829   密集书库/ [索取号:R446.62/35] 在馆    
2 0458727   204587278   密集书库/ [索取号:R446.62/35] 在馆    
唐山师范学院图书馆 欢迎您!
大连网信软件有限公司© 版权所有